UBT Library

BusinessObjects XI (Record no. 674)

000 -LEADER
fixed length control field 00627nam a22002177a 4500
008 - FIXED-LENGTH DATA ELEMENTS--GENERAL INFORMATION
fixed length control field 150410b xxu||||| |||| 00| 0 eng d
020 ## - INTERNATIONAL STANDARD BOOK NUMBER
International Standard Book Number 9780072262650
041 0# - LANGUAGE CODE
Language code of text/sound track or separate title eng
080 ## - UNIVERSAL DECIMAL CLASSIFICATION NUMBER
Universal Decimal Classification number 004.2
100 1# - Rafti
Rafti Howson, Cindi.
245 10 - TITLE STATEMENT
Title BusinessObjects XI
Statement of responsibility, etc Cindi Howson.
246 3# - VARYING FORM OF TITLE
Remainder of title Business Objects XI
260 ## -
-- New York :
-- McGraw-Hill,
-- 2006.
300 ## -
-- 650 f.:
-- me il.;
-- 24 cm.
505 ## -
-- Index: f.639-650
650 #0 -
-- Intelegjenca e Biznesit
650 #0 -
-- Përpunimi i të dhënave
650 #0 -
-- Biznesi
650 #0 -
-- Kompjuterët
942 ## - ADDED ENTRY ELEMENTS (KOHA)
Source of classification or shelving scheme
Item type Books

No items available.

UBT Library © 2015-2024. All rights reserved University Education for Business and Technology